| 000 | 00439nam a2200169 i 4500 | ||
|---|---|---|---|
| 001 | 32616 | ||
| 003 | ES-MaACL | ||
| 005 | 20231218194914.0 | ||
| 007 | t| | ||
| 008 | 030131s1925 sp ||||1| spa d | ||
| 100 | 1 |
_aBernal, Emilia, _d1884-1964 _928177 |
|
| 245 | 1 | 0 |
_aPoesÃas _b: . Vida / _cEmilia Bernal. |
| 260 |
_aMadrid : _b[Calpe], _c1925. |
||
| 300 |
_a136 p. ; _c20 cm. |
||
| 852 |
_aES-MaACL _jB-12360 |
||
| 999 |
_c32616 _d32616 |
||